000
00254nam a2200097Ia 4500
001
1300754
005
20260420095910.0
008
260420s9999 xx 000 0 und d
245
0
_a
MEYVELERİ KİM YEMİŞ
_c
FERİDUN ORAL
260
_b
YAPI KREDİ YAYINLARI
999
_c
1300754
_d
1300754